Music Quiz

Random Music or The Beatles Quiz

Words in Beatles Titles Quiz Stats

 Plays Quiz Updated Jul 31, 2012

Challenge
Share
Tweet
Embed
Score 0/20 Timer 06:00
0 Plays Today
% Correct
Ticket
82.5%
Mystery
76.9%
Hammer
76.7%
Sunshine
75.3%
Postman
73.9%
Wood
73.7%
Golden
68.5%
Mother
68.1%
Doctor
66.1%
Heavy
64.6%
% Correct
Lonely
63.3%
Bathroom
63%
Monkey
58.7%
Sexy
57.6%
Bill
56.9%
Loser
54.6%
Dizzy
50.8%
Pony
50.1%
Northern
49.3%
Savoy
45.6%

You're not logged in!

Compare scores with friends on all Sporcle quizzes.
OR
Log In

You Might Also Like...

Show Comments

Extras

Top Quizzes Today


Score Distribution

Your Account Isn't Verified!

In order to create a playlist on Sporcle, you need to verify the email address you used during registration. Go to your Sporcle Settings to finish the process.

Report this User

Report this user for behavior that violates our Community Guidelines.

Details: